1001 1149 1287 1625 1664 1740 1835 1575 1760 1473 1929 1084 1450 1962 1218 1875 1127 1313 1478 1980 1362 1784 1596 1581 1628 1031 1978 1570 1960 1132 1521 1396 1029 1063 1647 1649 1764 1206 1791 1716 1842 1976 1862 1247 1075 1999 1386 1245 1103 1924 1353 1761 1004 1476 1755 1214 1938 1417 1734 1621 1043 1407 1013 1846 1962 1868 1341 1432 1596 1141 1099 1949 1545 1837 1029 1088 1076 1503 1147 1206 1117 1425 1703 1806 1765 1650 1303 1901 1964 1126 1195 1066 1710 1361 1919 1967 1642 1496 1248 BCNSPRNW ULIB Ver.6.0+V

เปลี่ยนเป็นภาษาไทย

Change to English
 แสดงรายละเอียดบรรณานุกรม
  กลับหน้าหลัก

Brief Record : Get Marc (ISO 2709) : E-mail record : QR code < ปิดหน้าต่าง
LEADER : 00000nam 2200000uu 4500
001    13399124018
003     ULIB
008    020711s2550 th a 000 0 tha d
020    9789749899298
090    นว.^bย731ค
100    โยโคมิโซะ เชชิ :^eเขียน
245    คดีฆ่าตกรรมบนเกาะโกะกุมน : คินดะอิจิยอดนักสืบ/^cโยโคมิโซะ เชชิ : เขียน,ชมนาด ศีติสาร : แปล
250    พิมพ์ครั้งที่ 6
260    กรุงเทพฯ :^b่JBOOK,^c2550
700    ชมนาด ศีติสาร :^eแปล
945    ^p195^l0^i022059
999    ^aกมลทิพย์ ธนสารสุธี
รายการนี้ยังไม่มีแท็ก
คุณยังไม่ได้ล็อกอิน คุณสามารถมีกิจกรรมร่วมกับเว็บไซต์ได้ แต่ต้องล็อกอินก่อน ::
  ล็อกอิน

รายการสื่อสารสนเทศ

ลำดับที่ ประเภท เลขเรียก/บาร์โค้ด สถานที่ สถานะ
1. นวนิยาย
นวนิยาย
นว. ย731ค ฉ.1 
  Barcode: 022059
ห้องสมุดวิทยาเขตสวรรค์ประชารักษ์
►นวนิยาย
บนชั้น
  ขอยืม

BibComment


ยังไม่เคยถูกคอมเมนท์

คอมเมนท์ทรัพยากรรายการนี้
  คอมเมนท์: คดีฆ่าตกรรมบนเกาะ..


 Copyright 2026. Bcnsprnw @Library